Mecánica para ingenieros
-д хадгалсан:
| Үндсэн зохиолчид: | , |
|---|---|
| Формат: | Ном |
| Хэл сонгох: | испани |
| Хэвлэсэн: |
Barcelona
Reverté
1999
|
| Хэвлэл: | 3a. ed |
| Нөхцлүүд: | |
| Шошгууд: |
Шошго нэмэх
Шошго байхгүй, Энэхүү баримтыг шошголох эхний хүн болох!
|
MARC
| LEADER | 00000cam a2200000 a 4500 | ||
|---|---|---|---|
| 001 | UCN3070 | ||
| 003 | CL-VaPUC | ||
| 008 | 010615e19990000SP |||||||||||||||||spa|d | ||
| 020 | |a 8429142800 | ||
| 020 | |a 8429142576v.1 | ||
| 020 | |a 8429142592v.2 | ||
| 082 | 0 | 4 | |a 620.1 |b MER |2 21 |
| 100 | |a Meriam, James L. |e autor |9 535784 | ||
| 700 | 0 | |a Kraige, L. G |e author |9 459497 | |
| 245 | 1 | 0 | |a Mecánica para ingenieros |
| 250 | |a 3a. ed | ||
| 300 | |a v | ||
| 942 | |c BK | ||
| 945 | |d 20010615 00:00:00 |a vberengu | ||
| 260 | |a Barcelona |b Reverté |c 1999 | ||
| 500 | |a v.1: Estática | ||
| 500 | |a v.2: Dinámica | ||
| 650 | 0 | |a Estática |9 260452 | |
| 650 | 0 | |a Fuerza |9 345825 | |
| 650 | 0 | |a Equilibrio |9 362780 | |
| 650 | 0 | |a Estructuras |9 271908 | |
| 650 | 7 | |a ROZAMIENTO |2 CL-VaPUC |9 419083 | |
| 650 | 0 | |a Trabajo |9 313876 | |
| 583 | |a last modification |c 20150409 05:53:36 |k Rodrigo Vera | ||
| 999 | |c 296079 |d 296077 | ||
| 952 | |0 0 |1 0 |4 0 |6 620_100000000000000_MER_1999 |7 0 |8 R |9 349647 |a BIBMEC |b BIBMEC |d 2019-11-20 |h v.1 |i 3733726 |o 620.1 MER 1999 |p 3733726 |r 2024-01-19 |w 2019-11-20 |y BK_R |k MEC | ||
| 952 | |0 0 |1 0 |4 0 |6 620_100000000000000_MER_1999 |7 0 |8 R |9 349648 |a BIBMEC |b BIBMEC |d 2019-11-20 |h v.1 |i 3883256 |o 620.1 MER 1999 |p 3883256 |r 2024-01-19 |w 2019-11-20 |y BK_R |k MEC | ||
| 952 | |0 0 |1 0 |4 0 |6 620_100000000000000_MER_1999 |7 0 |8 R |9 349649 |a BIBMEC |b BIBMEC |d 2019-11-20 |h v.2 |i 3883264 |o 620.1 MER 1999 |p 3883264 |r 2024-01-19 |w 2019-11-20 |y BK_R |k MEC | ||
| 952 | |0 0 |1 0 |4 0 |6 620_100000000000000_MER_1999 |7 0 |8 R |9 349650 |a BIBMEC |b BIBMEC |d 2019-11-20 |h v.1 |i 4007212 |o 620.1 MER 1999 |p 4007212 |r 2024-01-19 |w 2019-11-20 |y BK_R |k MEC | ||
| 952 | |0 0 |1 0 |4 0 |6 620_100000000000000_MER_1999 |7 0 |8 R |9 349651 |a BIBMEC |b BIBMEC |d 2019-11-20 |h v.2 |i 4007239 |o 620.1 MER 1999 |p 4007239 |r 2024-01-19 |w 2019-11-20 |y BK_R |k MEC | ||
| 952 | |0 0 |1 0 |4 0 |6 620_100000000000000_MER_1999 |7 0 |8 R |9 349652 |a BIBMEC |b BIBMEC |d 2019-11-20 |h v.2 |i 4007247 |o 620.1 MER 1999 |p 4007247 |r 2024-01-19 |w 2019-11-20 |y BK_R |k MEC | ||
| 952 | |0 0 |1 0 |4 0 |6 620_100000000000000_MER_1999 |7 0 |8 R |9 349653 |a BIBMEC |b BIBMEC |d 2019-11-20 |h v.2 |i 4096959 |l 1 |o 620.1 MER 1999 |p 4096959 |r 2024-01-19 |s 2021-10-25 |w 2019-11-20 |y BK_R |k MEC | ||
| 952 | |0 0 |1 0 |4 0 |6 620_100000000000000_MER_1999 |7 0 |8 R |9 349654 |a BIBMEC |b BIBMEC |d 2019-11-20 |h v.2 |i 4096967 |l 4 |o 620.1 MER 1999 |p 4096967 |r 2025-05-08 |s 2025-04-28 |w 2019-11-20 |y BK_R |k MEC | ||
| 952 | |0 0 |1 0 |4 0 |6 620_100000000000000_MER_1999 |7 0 |8 R |9 349655 |a BIBMEC |b BIBMEC |d 2019-11-20 |h v.1 |i 4149076 |o 620.1 MER 1999 |p 4149076 |r 2024-01-19 |w 2019-11-20 |y BK_R |k MEC | ||
| 952 | |0 0 |1 0 |2 ddc |4 0 |6 620_100000000000000_MER_1999 |7 0 |8 A |9 349656 |a BIBING |b BIBING |c RES |d 2019-11-20 |h v.1 |i 420915K |l 14 |m 3 |o 620.1 MER 1999 |p 420915K |r 2025-04-04 |s 2025-04-02 |w 2019-11-20 |y BK |k CCI | ||
| 952 | |0 0 |1 0 |2 ddc |4 0 |6 620_100000000000000_MER_1999 |7 0 |8 A |9 349657 |a BIBING |b BIBING |c RES |d 2019-11-20 |h v.2 |i 4209168 |l 1 |o 620.1 MER 1999 |p 4209168 |r 2025-01-20 |s 2024-05-17 |w 2019-11-20 |y BK |k CCI | ||
| 952 | |0 0 |1 0 |4 0 |6 620_100000000000000_MER_1999 |7 0 |8 R |9 349659 |a BIBMEC |b BIBMEC |d 2019-11-20 |h v.1 |i 432188K |o 620.1 MER 1999 |p 432188K |r 2024-01-19 |w 2019-11-20 |y BK_R |k MEC | ||
| 952 | |0 0 |1 0 |4 0 |6 620_100000000000000_MER_1999 |7 0 |8 R |9 349660 |a BIBMEC |b BIBMEC |d 2019-11-20 |h v.2 |i 4321898 |l 1 |o 620.1 MER 1999 |p 4321898 |q 2025-05-12 |r 2025-05-09 |s 2025-05-09 |w 2019-11-20 |y BK_R |k MEC | ||
| 952 | |0 0 |1 0 |4 0 |6 620_100000000000000_MER_1999 |7 0 |8 R |9 349661 |a BIBMEC |b BIBMEC |d 2019-11-20 |h v.2 |i 4321901 |o 620.1 MER 1999 |p 4321901 |r 2024-01-19 |w 2019-11-20 |y BK_R |k MEC | ||
| 952 | |0 0 |1 0 |4 0 |6 620_100000000000000_MER_1999 |7 0 |8 A |9 349662 |a BIBCUR |b BIBCUR |d 2019-11-20 |h v.1 |i 4483111 |o 620.1 MER 1999 |p 4483111 |r 2025-04-22 |w 2019-11-20 |y BK |k BCB | ||
| 952 | |0 0 |1 0 |4 0 |6 620_100000000000000_MER_1999 |7 0 |8 A |9 349663 |a BIBCUR |b BIBCUR |d 2019-11-20 |h v.1 |i 4483103 |l 2 |o 620.1 MER 1999 |p 4483103 |r 2025-04-22 |s 2024-11-07 |w 2019-11-20 |y BK |k BCB | ||
| 952 | |0 0 |1 0 |4 0 |6 620_100000000000000_MER_1999 |7 0 |8 A |9 349664 |a BIBCUR |b BIBCUR |d 2019-11-20 |h v.1 |i 448309K |o 620.1 MER 1999 |p 448309K |r 2025-04-22 |w 2019-11-20 |y BK |k BCB | ||
| 952 | |0 0 |1 0 |4 0 |6 620_100000000000000_MER_1999 |7 0 |8 A |9 349665 |a BIBCUR |b BIBCUR |d 2019-11-20 |h v.2 |i 448312K |o 620.1 MER 1999 |p 448312K |r 2025-04-22 |w 2019-11-20 |y BK |k BCB | ||
| 952 | |0 0 |1 0 |4 0 |6 620_100000000000000_MER_1999 |7 0 |8 A |9 349666 |a BIBCUR |b BIBCUR |d 2019-11-20 |h v.2 |i 4483138 |o 620.1 MER 1999 |p 4483138 |r 2025-04-22 |w 2019-11-20 |y BK |k BCB | ||
| 952 | |0 0 |1 0 |4 0 |6 620_100000000000000_MER_1999 |7 0 |8 A |9 349667 |a BIBCUR |b BIBCUR |d 2019-11-20 |h v.2 |i 4483146 |o 620.1 MER 1999 |p 4483146 |r 2025-04-22 |w 2019-11-20 |y BK |k BCB | ||
| 952 | |0 0 |1 0 |2 ddc |3 erb |4 0 |6 620_100000000000000_MER_1999 |7 0 |8 A |9 349668 |a BIBING |b BIBING |c RES |h v.2 |i 5145732 |l 2 |o 620.1 MER 1999 |p 5145732 |r 2025-01-20 |s 2024-08-30 |w 2019-11-20 |y BK |z Catalogado en:20150416 |k CIC | ||
| 952 | |0 0 |1 0 |2 ddc |3 erb |4 0 |6 620_100000000000000_MER_1999 |7 0 |8 A |9 349669 |a BIBING |b BIBING |c RES |h v.2 |i 5145740 |l 6 |o 620.1 MER 1999 |p 5145740 |r 2025-01-20 |s 2024-08-28 |w 2019-11-20 |y BK |z Catalogado en:20150416 |k CIC | ||
| 952 | |0 0 |1 0 |2 ddc |3 erb |4 0 |6 620_100000000000000_MER_1999 |7 0 |8 A |9 349670 |a BIBING |b BIBING |c RES |h v.2 |i 5149193 |l 3 |o 620.1 MER 1999 |p 5149193 |r 2025-01-20 |s 2024-05-02 |w 2019-11-20 |y BK |z Catalogado en:20150514 |k CIC | ||
| 952 | |0 0 |1 0 |2 ddc |3 erb |4 0 |6 620_100000000000000_MER_1999 |7 0 |8 A |9 349671 |a BIBING |b BIBING |c RES |h v.2 |i 5149185 |l 2 |m 1 |o 620.1 MER 1999 |p 5149185 |r 2025-01-20 |s 2024-08-07 |w 2019-11-20 |y BK |z Catalogado en:20150514 |k CIC | ||
| 952 | |0 0 |1 0 |2 ddc |3 erb |4 0 |6 620_100000000000000_MER_1999 |7 0 |8 A |9 349672 |a BIBING |b BIBING |c RES |h v.2 |i 5149177 |l 3 |m 2 |o 620.1 MER 1999 |p 5149177 |r 2025-01-20 |s 2024-11-18 |w 2019-11-20 |y BK |z Catalogado en:20150514 |k CIC | ||